000 00644nam a22002537a 4500
003 UA-OsUOA
001 32942
007 ta
008 20050224b un ||||| |||| 00| 0 ukr d
100 _aЧерноруцкий И. Г.
090 _a517.97
_bЧ-49
942 _cBK
040 _aUA-OsUOA
_brus
_cUA-OsUOA
_dUA-OsUOA
245 _aМетоды оптимизации в теории управления
_bУчеб. пособие
300 _a256 с.
955 _a0
041 _arus
080 _a517.97
020 _a5-94723-514-5
260 _aСПб.
_bПитер
_c2004
044 _aRU
650 7 _2UDC
999 _c319397
_d319397